| 000 | 00487nam a2200181 i 4500 | ||
|---|---|---|---|
| 001 | 74129 | ||
| 003 | ES-MaACL | ||
| 005 | 20230906172028.0 | ||
| 007 | t| | ||
| 008 | 040915s1914 sp ||||1| spa d | ||
| 100 | 1 |
_aGonzález, Ramón. _958376 |
|
| 245 | 1 | 3 |
_aLa Sierra de Gredos / _cRamón González. |
| 260 |
_aMadrid : _b[s.n., _c1914] |
||
| 490 | 1 | _aSociedad Gredos-Tormes | |
| 830 | 0 |
_aSociedad Gredos-Tormes _9231198 |
|
| 852 |
_aES-MaACL _jT-1404-F-5 |
||
| 999 |
_c74129 _d74129 |
||